ბათუმის შოთა რუსთაველის სახელმწიფო უნივერსიტეტის ბიბლიოთეკა

ციტრუსოვანთა ინტენსიური აგროტექნიკა (ბიბ.ჩანაწერი № 44601)

000 -LEADER
fixed length control field 00735nam a2200217Ia 4500
001 - CONTROL NUMBER
control field 11404
003 - CONTROL NUMBER IDENTIFIER
control field GE_BSU
008 - FIXED-LENGTH DATA ELEMENTS--GENERAL INFORMATION
fixed length control field 181216s||||||||xx |||||||||||||| ||und||
040 ## - CATALOGING SOURCE
Transcribing agency GE_BSU
080 ## - UNIVERSAL DECIMAL CLASSIFICATION NUMBER
Universal Decimal Classification number 634.3(075.8)
100 ## - MAIN ENTRY--PERSONAL NAME
Personal name ჯაბნიძე რეზო
245 ## - TITLE STATEMENT
Title ციტრუსოვანთა ინტენსიური აგროტექნიკა
245 ## - TITLE STATEMENT
Statement of responsibility, etc. რედ: მამია გოგოლიშვილი
260 ## - PUBLICATION, DISTRIBUTION, ETC.
Place of publication, distribution, etc. ბათუმი.
260 ## - PUBLICATION, DISTRIBUTION, ETC.
Name of publisher, distributor, etc. ალიონი
260 ## - PUBLICATION, DISTRIBUTION, ETC.
Date of publication, distribution, etc. 1999
300 ## - PHYSICAL DESCRIPTION
Extent 420გვ.20სმ.
300 ## - PHYSICAL DESCRIPTION
Accompanying material ცხრ.
653 ## - INDEX TERM--UNCONTROLLED
Uncontrolled term ციტრუსოვანთა ინტენსიური აგროტექნიკა
942 ## - ADDED ENTRY ELEMENTS (KOHA)
Koha item type წიგნი
ეგზემპლარები
Withdrawn status Lost status Damaged status Not for loan Date acquired Barcode Date last seen Price effective from Koha item type
        2018-12-17 19841 2018-12-17 2018-12-17 წიგნი
        2018-12-17 19842 2018-12-17 2018-12-17 წიგნი
        2018-12-17 19843 2018-12-17 2018-12-17 წიგნი
        2018-12-17 19844 2018-12-17 2018-12-17 წიგნი
        2018-12-17 19845 2018-12-17 2018-12-17 წიგნი
        2018-12-17 19846 2018-12-17 2018-12-17 წიგნი
        2018-12-17 19847 2018-12-17 2018-12-17 წიგნი
        2018-12-17 19848 2018-12-17 2018-12-17 წიგნი
        2018-12-17 19849 2018-12-17 2018-12-17 წიგნი
        2018-12-17 19850 2018-12-17 2018-12-17 წიგნი
        2018-12-17 19851 2018-12-17 2018-12-17 წიგნი
        2018-12-17 19852 2018-12-17 2018-12-17 წიგნი
        2018-12-17 19853 2018-12-17 2018-12-17 წიგნი
        2018-12-17 19854 2018-12-17 2018-12-17 წიგნი
        2018-12-17 19855 2018-12-17 2018-12-17 წიგნი